|
|
|
|
| LEADER |
00000nam0a2200000 4500 |
| 001 |
367920 |
| 005 |
20231102012030.0 |
| 035 |
|
|
|a (RuTPU)RU\TPU\retro\25283
|
| 090 |
|
|
|a 367920
|
| 100 |
|
|
|a 20220325d1980 m y0rusy50 ca
|
| 101 |
0 |
|
|a rus
|
| 102 |
|
|
|a RU
|
| 105 |
|
|
|a a j 001zy
|
| 200 |
1 |
|
|a Расчет воздушной холодильной машины
|e учебное пособие
|f А. А. Никитин, Э. А. Хакимов
|g Казанский химико-технологический институт им. С. М. Кирова
|
| 210 |
|
|
|a Казань
|c Казанский химико-технологический ин-т
|d 1980
|
| 215 |
|
|
|a 46 с.
|c ил.
|
| 320 |
|
|
|a Литература: с. 44
|
| 606 |
1 |
|
|a Холодильные машины
|x Тепловые циклы
|x Термодинамика
|2 stltpush
|3 (RuTPU)RU\TPU\subj\17512
|9 43131
|
| 610 |
1 |
|
|a турбокомпрессоры
|
| 610 |
1 |
|
|a турбодетандеры
|
| 610 |
1 |
|
|a регенераторы
|
| 610 |
1 |
|
|a термогазодинамический расчет
|
| 610 |
1 |
|
|a гидравлический расчет
|
| 675 |
|
|
|a 621.57(075.8)
|v 3
|
| 700 |
|
1 |
|a Никитин
|b А. А.
|g Анатолий Александрович
|
| 701 |
|
1 |
|a Хакимов
|b Э. А.
|g Эрнст Ахметович
|
| 712 |
0 |
2 |
|a Казанский химико-технологический институт им. С. М. Кирова
|c (1935-1992)
|2 stltpush
|3 (RuTPU)RU\TPU\col\3704
|9 23873
|
| 801 |
|
1 |
|a RU
|b 63413507
|c 20220325
|
| 801 |
|
2 |
|a RU
|b 63413507
|c 20220325
|g RCR
|
| 942 |
|
|
|c BK
|